000 00546nam a2200241Ia 4500
008 210210b2012 xxu||||| |||| 00| 0 eng d
020 _a9788171339945
041 _aeng
082 _a576 SHAM
100 _aSHARMA (P D)
245 _aMicrobiology and plant pathology Ed 3
250 _a
260 _aMeerut
_bRastogi Publications
_c2012
300 _axxv, 754
650 _aplant
650 _apathology
650 _aMicrobiology
650 _aEd
650 _aand
650 _a3
690 _aMicrobiology
906 _a068171
999 _c152437
_d152437